Where is the best place to go bust? (Record no. 82585)

MARC details
000 -LEADER
fixed length control field 01124cab a22002055a 4500
001 - CONTROL NUMBER
control field L150639
008 - FIXED-LENGTH DATA ELEMENTS--GENERAL INFORMATION
fixed length control field 100805e20100730xxk 000 0 eng d
035 ## - SYSTEM CONTROL NUMBER
System control number (Sirsi) u150639
041 0# - LANGUAGE CODE
Language code of text/sound track or separate title eng
100 1# - MAIN ENTRY--PERSONAL NAME
Personal name Chesters, Laura
245 00 - TITLE STATEMENT
Title Where is the best place to go bust?
260 ## - PUBLICATION, DISTRIBUTION, ETC.
Date of publication, distribution, etc. 2010
490 #0 - SERIES STATEMENT
Series statement Property Week
Volume/sequential designation 76(30) 30 July 2010, 16-17(2)
520 ## - SUMMARY, ETC.
Summary, etc. Compares insolvency regimes in the United States and the UK, France, Germany, Italy, Luxembourg, the Netherlands and Sweden. International variations in insolvency law have lead to forum shopping, the process of moving the jurisdiction of a company to a country deemed to be more favourable for administration, based on being able to prove the location of the company's centre of best interest. Ironically the European Union Insolvency Regulation 2002 which sought to make insolvency regimes across Europe more uniform has encouraged more forum shopping than any other piece of legislation.
590 ## - LOCAL NOTE (RLIN)
Local note KA
650 24 - SUBJECT ADDED ENTRY--TOPICAL TERM
Topical term or geographic name entry element EUROPEAN UNION INSOLVENCY REGULATION 2002
651 #4 - SUBJECT ADDED ENTRY--GEOGRAPHIC NAME
Geographic name International
690 ## - LOCAL SUBJECT ADDED ENTRY--TOPICAL TERM (OCLC, RLIN)
Topical term or geographic name as entry element MANAGEMENT-CORPORATE RECOVERY
942 ## - ADDED ENTRY ELEMENTS (KOHA)
Suppress in OPAC 0
Holdings
Withdrawn status Lost status Source of classification or shelving scheme Damaged status Not for loan Home library Current library Shelving location Date acquired Total Checkouts Full call number Barcode Date last seen Copy number Price effective from Koha item type
    Dewey Decimal Classification     London London Journal article 05/08/2010   L150639 150639-1001 06/08/2019 1 06/08/2019 Journal article